Sabotage in industry /

Bibliographic Details
Main Author: Dubois, Pierre, 1944-
Format: Book
Language:English
Published: Harmondsworth, England ; New York, N.Y. : Penguin Books, 1979.
Series:Pelican books
A Pelican original
Subjects:

MARC

Tag First Indicator Second Indicator Subfields
LEADER 00000cam a2200000 a 4500
001 in00000071634
005 20151008062324.0
008 810211s1979 enk b 00110 eng d
020 |a 0140221271 
035 |a (OCoLC)07118282 
035 |9 AAJ9975AM 
040 |a IUL  |c IUL  |d TXA  |d UtOrBLW 
041 1 |a eng  |h fre 
043 |a e-fr--- 
049 |a TXAM  |c [1386984] 
052 |a 5830 
090 |a HD5473  |b .D8 1979 
090 |a HD5473  |b .D813 1979 
100 1 |a Dubois, Pierre,  |d 1944- 
240 1 3 |a Le sabotage dans lindustrie.  |l English 
245 1 0 |a Sabotage in industry /  |c Pierre Dubois ; translated by Rosemary Sheed. 
264 1 |a Harmondsworth, England ;  |a New York, N.Y. :  |b Penguin Books,  |c 1979. 
300 |a 224 pages ;  |c 18 cm. 
336 |a text  |b txt  |2 rdacontent 
337 |a unmediated  |b n  |2 rdamedia 
338 |a volume  |b nc  |2 rdacarrier 
490 0 |a Pelican books 
490 0 |a A Pelican original 
500 |a Translation of: Le sabotage dans l'industrie. 
500 |a Includes index. 
504 |a Bibliography: pages [214]-218. 
650 0 |a Sabotage. 
650 0 |a Sabotage  |z France. 
999 |a MARS 
999 f f |s 87e45f8f-b247-3305-8da9-86653d177be3  |i 507b0385-2445-38df-9882-37dbbd3dc36f  |t 0 
952 f f |p ric  |a Texas A&M University  |b Rellis Campus  |c Joint Library Facility  |d Remote Storage  |t 0  |e HD5473 .D813 1979  |h Library of Congress classification  |i unmediated -- volume  |m A14806127904 
998 f f |a HD5473 .D813 1979  |t 0  |l Remote Storage